Quirkco Investments Ltd v Aspray Transport Ltd (Record no. 83673)
[ view plain ]
| 000 -LEADER | |
|---|---|
| fixed length control field | 01415cab a22002055a 4500 |
| 001 - CONTROL NUMBER | |
| control field | L154579 |
| 008 - FIXED-LENGTH DATA ELEMENTS--GENERAL INFORMATION | |
| fixed length control field | 120103e2011 xxk 000 0 eng d |
| 035 ## - SYSTEM CONTROL NUMBER | |
| System control number | (Sirsi) u154579 |
| 041 0# - LANGUAGE CODE | |
| Language code of text/sound track or separate title | eng |
| 245 00 - TITLE STATEMENT | |
| Title | Quirkco Investments Ltd v Aspray Transport Ltd |
| Medium | [electronic resource] |
| 260 ## - PUBLICATION, DISTRIBUTION, ETC. | |
| Date of publication, distribution, etc. | 2011 |
| 520 ## - SUMMARY, ETC. | |
| Summary, etc. | [2011] EWHC 3060 (Ch), 23 November 2011. The ability to terminate a contract may be a matter of interpretation. Considers whether defendant tenant A had successfully exercised a conditional break clause in respect of a lease on commercial premises owned by claimant landlord Q. Q contended that A's notice was ineffective because A was in breach of its obligations under the lease and so was prevented by the terms of the lease from serving a valid notice under the break clause. "Held": Court found for A. However the question whether A's lease ended on the 18 December 2010 or will continue until 2015 remains unclear. |
| 590 ## - LOCAL NOTE (RLIN) | |
| Local note | KA |
| 650 24 - SUBJECT ADDED ENTRY--TOPICAL TERM | |
| Topical term or geographic name entry element | QUIRKCO INVESTMENTS LTD V ASPRAY TRANSPORT LTD |
| 650 24 - SUBJECT ADDED ENTRY--TOPICAL TERM | |
| Topical term or geographic name entry element | CAPITAL AND CITY HOLDINGS LTD V DEAN WARBURG LTD AND ORS |
| 651 #4 - SUBJECT ADDED ENTRY--GEOGRAPHIC NAME | |
| Geographic name | England and Wales |
| Chronological subdivision | 1543- |
| 690 ## - LOCAL SUBJECT ADDED ENTRY--TOPICAL TERM (OCLC, RLIN) | |
| Topical term or geographic name as entry element | PROPERTY-COMMERCIAL PROPERTY-LEASEHOLD COMMERCIAL PROPERTY-COMMERCIAL LANDLORD AND TENANT-COMMERCIAL LEASES-BREACHING COMMERCIAL LEASES |
| 856 40 - ELECTRONIC LOCATION AND ACCESS | |
| Uniform Resource Identifier | <a href="https://www.bailii.org/ew/cases/EWHC/Ch/2011/3060.html">https://www.bailii.org/ew/cases/EWHC/Ch/2011/3060.html</a> |
| Public note | View the law report free of charge at www.bailii.org |
| 942 ## - ADDED ENTRY ELEMENTS (KOHA) | |
| Suppress in OPAC | 0 |
| Withdrawn status | Lost status | Source of classification or shelving scheme | Damaged status | Not for loan | Home library | Current library | Shelving location | Date acquired | Total Checkouts | Full call number | Barcode | Date last seen | Copy number | Price effective from | Koha item type |
|---|---|---|---|---|---|---|---|---|---|---|---|---|---|---|---|
| Dewey Decimal Classification | Virtual | Virtual | Online | 30/12/2011 | ONLINE PUBLICATION | 154579-2001 | 06/08/2019 | 1 | 06/08/2019 | Law report |